Những bài toán ứng dụng thực tế kỹ thuật điện Gia dụng và công nghiệp
Kaydedildi:
| Yazar: | |
|---|---|
| Materyal Türü: | Kitap |
| Dil: | Undetermined |
| Baskı/Yayın Bilgisi: |
Hải Phòng
Hải Phòng
2002
|
| Konular: | |
| Etiketler: |
Etiketle
Etiket eklenmemiş, İlk siz ekleyin!
|
| Thư viện lưu trữ: | Trung tâm Học liệu Trường Đại học Cần Thơ |
|---|
| LEADER | 00601nam a2200181Ia 4500 | ||
|---|---|---|---|
| 001 | CTU_50207 | ||
| 008 | 210402s9999 xx 000 0 und d | ||
| 082 | |a 621.3076 | ||
| 082 | |b M529 | ||
| 100 | |a G MELUDIN | ||
| 245 | 0 | |a Những bài toán ứng dụng thực tế kỹ thuật điện | |
| 245 | 0 | |b Gia dụng và công nghiệp | |
| 245 | 0 | |c G MELUDIN, VÕ TRẦN KHÚC NHÃ | |
| 260 | |a Hải Phòng | ||
| 260 | |b Hải Phòng | ||
| 260 | |c 2002 | ||
| 650 | |a electric engineering - problems, exercises, etc. | ||
| 980 | |a Trung tâm Học liệu Trường Đại học Cần Thơ | ||